| 000 | 01168nam a22002177a 4500 | ||
|---|---|---|---|
| 005 | 20260115100836.0 | ||
| 008 | s2019 enka b 001 0 eng d | ||
| 020 | _a9780443110979 | ||
| 040 |
_aGR-AtMCL _dGR-AtMCL _bgre _eAACR2 |
||
| 245 | 0 | 0 |
_aClinical reasoning in the health professions / _cedited by Joy Higgs and Mark Jones. |
| 250 | _a5th ed. | ||
| 260 |
_aOxford ; _aBoston : _bButterworth-Heinemann, _c2019 |
||
| 300 |
_a528 p. : _bill. ; _c24 cm. |
||
| 504 | _aIncludes bibliographical references and index. | ||
| 520 | _aClinical reasoning is the complex thinking and decision-making used to come to a diagnosis and management plan. It's a core competency of clinical practice - but because it involves many elements and unconscious processes, it's both difficult to learn and teach. This book provides the concepts and frameworks healthcare professionals need to be able to reason effectively, make sound and defensible clinical decisions, and learn from experience as they develop from student to practitioner. | ||
| 650 | 1 | 0 |
_aHealth & Sport _910066 |
| 700 |
_aHiggs, Joy _910266 |
||
| 700 |
_aJones, Mark A. _910267 |
||
| 942 | _cBK | ||
| 999 |
_c10048 _d10048 |
||